All Premier League Champions (1888-Present) - Statistics

General Stats
  • This quiz has been taken 104 times
    15 since last reset
  • The average score is 113 of 125
Answer Stats
Hint Answer % Correct
1930-1931 | 1932-1933 | 1933-1934 | +10 others Arsenal
100%
1954-1955 | 2004-2005 | 2005-2006 | +3 others Chelsea
100%
1900-1901 | 1905-1906 | 1921-1922 | +17 others Liverpool
100%
1936-1937 | 1967-1968 | 2011-2012 | +7 others Manchester City
100%
1907-1908 | 1910-1911 | 1951-1952 | +16 others Manchester United
100%
1950-1951 | 1960-1961 Tottenham Hotspur
100%
1911-1912 | 1913-1914 | 1995-1996 Blackburn Rovers
93%
1890-1891 | 1914-1915 | 1927-1928 | +6 others Everton
93%
1968-1969 | 1973-1974 | 1992-1993 Leeds United
93%
2015-2016 Leicester City
93%
1977-1978 Nottingham Forest
93%
1893-1894 | 1895-1896 | 1896-1897 | +4 others Aston Villa
79%
1904-1905 | 1908-1909 | 1926-1927 Newcastle United
79%
1948-1949 | 1949-1950 Portsmouth
79%
1891-1892 | 1892-1893 | 1894-1895 | +3 others Sunderland
79%
1919-1920 West Bromwich Albion
79%
1959-1960 Burnley
71%
1971-1972 | 1974-1975 Derby County
71%
1961-1962 Ipswich Town
71%
1897-1898 Sheffield United
71%
1902-1903 | 1903-1904 | 1928-1929 | 1929-1930 Sheffield Wednesday
71%
1953-1954 | 1957-1958 | 1958-1959 Wolverhampton Wanderers
71%
1923-1924 | 1924-1925 | 1925-1926 Huddersfield Town
64%
1888-1889 | 1889-1890 Preston North End
64%
1915-1919 No League Season Due To World War I
7%
1939-1946 No League Season Due To World War II
7%
No matching quizzes found
Score Distribution
Percent of People with Each Score
Percentile by Number Answered
Your Score History
You have not taken this quiz since the last reset